000 00606nam a22001697a 4500
003 AUA.1
005 20251015093352.0
008 250701b |||||||| |||| 00| 0 eng d
040 _cJTL
100 _aAdegbenle, Oluwafunmilayo Dorcas
245 _aStudents' perception of the role of chaplain at Babcock University, Ilishan-Remo Ogun State, Nigeria /
_cOluwafunmilayo Dorcas Adegbenle.
260 _cc2023
300 _aviii,71 leaves :
_bIllustration :
_c30cm.
650 _aChaplains
_928673
650 _aBabcock University, Nigeria
_xChaplains
942 _2aua
_cPROJECT
_hMChap
_i.A34 2023
999 _c25132
_d25132